Movies Quiz

Random Movies or Actress Quiz

Ghostbusters Actors Quiz Stats

 Plays Quiz Updated Aug 23, 2012

Score 0/12 Timer 04:00
1 Play Today
Character Actor/Actress % Correct
Dr. Peter VenkmanBill Murray
98.2%
Dana BarrettSigourney Weaver
78.2%
Louis TullyRick Moranis
66.4%
Dr. Ray StantzDan Aykroyd
64%
Dr. Egon SpenglerHarold Ramis
60.7%
Winston ZeddmoreErnie Hudson
43.2%
Janine MelnitzAnnie Potts
39%
Walter PeckWilliam Atherton
11.4%
Dr. Janosz PohaPeter MacNicol
10.1%
Mayor LennyDavid Margulies
5.9%
Jack HardemeyerKurt Fuller
4.6%
VigoWilhelm von Homburg
3.6%

You're not logged in!

Compare scores with friends on all Sporcle quizzes.
OR
Log In

Sporcle TV

Today on Sporcle TV


Watch our educational content, quiz creation guides, and fun videos on Sporcle TV.

Show Comments

Extras

Top Quizzes Today


Score Distribution

Your Account Isn't Verified!

In order to create a playlist on Sporcle, you need to verify the email address you used during registration. Go to your Sporcle Settings to finish the process.

Report this User

Report this user for behavior that violates our Community Guidelines.

Details: